LEADER 01231nam0 22002891i 450 001 UON00510789 005 20231205105456.805 010 $a978-90-04-22144-4 100 $a20230104d2012 |0itac50 ba 101 $aeng$aARA 102 $aNL 105 $a|||| ||||| 200 1 $aArabic manuscripts$ea vademecum for readers$fby Adam Gacek 210 $aLeiden$cBrill$d2012 215 $axviii, 338 p.$cill.$d24 cm 606 $aMANOSCRITTI ARABI$3UONC012239$2FI 606 $aMANOSCRITTI ARABI$xManuali$3UONC101185$2FI 686 $aARA IX JA$cPAESI ARABI - ARTI - CALLIGRAFIA - MINIATURE - MANOSCRITTI$2A 700 1$aGacek$bAdam$3UONV098134$0692672 712 $aBrill$3UONV245886$4650 801 $aIT$bSOL$c20240220$gRICA 899 $aSIBA - SISTEMA BIBLIOTECARIO DI ATENEO$2UONSI 912 $aUON00510789 950 $aSIBA - SISTEMA BIBLIOTECARIO DI ATENEO$dSI ARA IX JA 026 (Sala Rari) $eSI 42071 7 026 (Sala Rari) 951 $aSIBA - SISTEMA BIBLIOTECARIO DI ATENEO$bSI20236 1J 20230104DDT n. 95 del 15/4/2023. 996 $aArabic manuscripts$93844370 997 $aUNIOR LEADER 01238nas 2200397- 450 001 9910247448403321 005 20241204164916.0 011 $a2560-8304 035 $a(OCoLC)1076422892 035 $a(CKB)4100000001207450 035 $a(CONSER)--2020225001 035 $a(MiAaPQ)4385532 035 $a(DE-599)ZDB2931373-9 035 $a(EXLCZ)994100000001207450 100 $a20181029c2017uuuu --- - 101 0 $aeng 135 $aur||||||||||| 181 $ctxt$2rdacontent 182 $cc$2rdamedia 183 $acr$2rdacarrier 200 00$aCanadian Journal of Biotechnology 210 1$aSaint-Hubert, QC :$cCanadian Journal of Biotechnology 210 31$aLongueuil, QC :$cScience Planet Inc. 215 $a1 online resource 300 $aInformation about earliest publisher from ISSN Portal record for 2560-8304 (viewed December 26, 2019). 300 $aRefereed/Peer-reviewed 517 1 $aCJB 606 $aBiotechnology$vPeriodicals 606 $aBiotechnology$2fast$3(OCoLC)fst00832729 608 $aPeriodicals.$2fast 615 0$aBiotechnology 615 7$aBiotechnology. 906 $aJOURNAL 912 $a9910247448403321 996 $aCanadian Journal of Biotechnology$92123072 997 $aUNINA